000 00595nam a2200241 a 4500
001 nice12345678
003 IN_TiNIC
005 20260116013714.0
008 050524s1993 newa grp 000 0 eng
020 _a
_c10
082 0 0 _a335.4
_bGOE
100 _aGoel, Sita Ram
245 _aStalinist "historians" Spread the Big Lie
260 _aNew Delhi
_bVoice of India
_c1993
300 _a38p
500 _aincludes index and biblioraphy
505 2 _aforword by mahmud ayoub
650 _aMarxism
700 1 _aGoel, Sita Ram
902 _bSRS
942 _cBK
999 _c12067
_d12067